000 00655nam a2200241Ia 4500
003 OSt
005 20220924114753.0
006 a|||||r|||| 00| 0
007 ta
008 220923b |||||||| |||| 00| 0 ara d
024 _a340280
037 _cTextual
040 _aARTS
_cARTS
_bara
041 _2ara
_aara
082 _aO28,1M89x, J0
100 _aAl-Aqqad Abbas Mahmoud Au.
_9175255
245 0 _aBaad-al-ayaseer
260 _aCairo
_bDar-al-ma'arif Egypt
_c1950
300 _a158p.
_ccm.
650 _aARABIC POETRY
942 _hO28,1M89x, J0
_cTEXL
_2CC
999 _c395195
_d395195